=LDR 00000nam 2200000 4500 =001 INLIS000000000024090 =005 20251107090754 =035 ##$$a 0010-061300000024090 =008 251107###########################0#ind## =041 ##$$a Ind =082 ##$$a 372.7 =090 ##$$a 372.7, Dis b =100 ##$$a Disney =245 1#$$a Belajar matematika bersama miki, mengenal angka 1 samapai 30, /$c Disney =260 ##$$a Jakarta :$b Elex Media Komputindo,$c 2003 =300 ##$$a 24 hlm, : $b ilus ; $c 18 cm =650 #4$$a Pendidikan dasar =850 ##$$a NBPNMAT =084 ##$$a 372.7 DIS b =990 ##$$a 08370837 =990 ##$$a 00046214